[Event "Backi Petrovac 11"]
[Site "Backi Petrovac"]
[Date "2023.11.12"]
[Round "5.2"]
[White "Lalic, Bogdan"]
[Black "Juhasz, Bence"]
[Result "1/2-1/2"]
[WhiteElo "2366"]
[BlackElo "2210"]
[PlyCount "52"]
[EventDate "2023.11.10"]
[EventType "swiss"]
[EventRounds "9"]
[EventCountry "SRB"]
[SourceTitle "CB47_2023"]
[SourceDate "2023.11.22"]
[SourceVersion "1"]
[SourceVersionDate "2023.11.22"]
[SourceQuality "1"]
[WhiteTeam "Team C"]
[BlackTeam "Team A"]
[WhiteTeamCountry "SRB"]
[BlackTeamCountry "SRB"]

1. d4 Nf6 2. c4 g6 3. Nf3 Bg7 4. g3 0-0 5. Bg2 d6 6. Nc3 Nc6 7. 0-0 e5 8. d5 Nb8 9. Ne1 a5 10. e4 Na6 11. Nd3 Nb4 12. Ne1 Na6 13. a3 Nc5 14. Be3 Ng4 15. Bxc5 dxc5 16. Nd3 Qe7 17. Qd2 f5 18. exf5 gxf5 19. Rae1 Bh6 20. f4 e4 21. h3 Nf6 22. g4 fxg4 23. Nxe4 gxh3 24. Bf3 Nxe4 25. Rxe4 Qh4 26. Kh1 Ra6 1/2-1/2

[Event "Backi Petrovac 11"]
[Site "Backi Petrovac"]
[Date "2023.11.10"]
[Round "2.2"]
[White "Juhasz, Bence"]
[Black "Kolagatla, Alana Meenakshi"]
[Result "1/2-1/2"]
[WhiteElo "2210"]
[BlackElo "2021"]
[PlyCount "37"]
[EventDate "2023.11.10"]
[EventType "swiss"]
[EventRounds "9"]
[EventCountry "SRB"]
[SourceTitle "CB47_2023"]
[SourceDate "2023.11.22"]
[SourceVersion "1"]
[SourceVersionDate "2023.11.22"]
[SourceQuality "1"]
[WhiteTeam "Team A"]
[BlackTeam "Team C"]
[WhiteTeamCountry "SRB"]
[BlackTeamCountry "SRB"]

1. e4 c5 2. Nf3 d6 3. d4 cxd4 4. Nxd4 Nf6 5. Nc3 a6 6. Bg5 e6 7. f4 Qb6 8. Qd2 Qxb2 9. Rb1 Qa3 10. f5 Nc6 11. fxe6 fxe6 12. Nxc6 bxc6 13. Be2 Be7 14. 0-0 0-0 15. Rb3 Qc5+ 16. Be3 Qe5 17. Bd4 Qa5 18. Bb6 Qe5 19. Bd4 1/2-1/2

[Event "Backi Petrovac 11"]
[Site "Backi Petrovac"]
[Date "2023.11.10"]
[Round "1.1"]
[White "Juhasz, Bence"]
[Black "Vikram, K1."]
[Result "1-0"]
[WhiteElo "2210"]
[BlackElo "1820"]
[PlyCount "35"]
[EventDate "2023.11.10"]
[EventType "swiss"]
[EventRounds "9"]
[EventCountry "SRB"]
[SourceTitle "CB47_2023"]
[SourceDate "2023.11.22"]
[SourceVersion "1"]
[SourceVersionDate "2023.11.22"]
[SourceQuality "1"]
[WhiteTeam "Team A"]
[BlackTeam "Team B"]
[WhiteTeamCountry "SRB"]
[BlackTeamCountry "SRB"]

1. e4 c5 2. Nf3 d6 3. d4 cxd4 4. Nxd4 Nf6 5. Nc3 a6 6. Bg5 Nbd7 7. f4 Qb6 8. Qd2 Qxb2 9. Rb1 Qa3 10. Bxf6 Nxf6 11. e5 dxe5 12. fxe5 Ng4 13. Nd5 Qc5 14. Nb3 Qc6 15. Rd1 Bd7 16. Na5 Qa4 17. Nc3 Qe4+ 18. Nxe4 1-0

[Event "HUN-chT2 Toth 1112"]
[Site "Hungary"]
[Date "2012.04.22"]
[Round "9.12"]
[White "Juhasz, Bence"]
[Black "Perdi, Zsombor"]
[Result "1-0"]
[WhiteElo "1807"]
[BlackElo "1453"]
[PlyCount "43"]
[EventDate "2011.09.25"]
[EventType "team-tourn"]
[EventRounds "11"]
[EventCountry "HUN"]
[SourceTitle "EXT 2013"]
[Source "ChessBase"]
[SourceDate "2012.11.22"]
[SourceVersion "1"]
[SourceVersionDate "2012.11.22"]
[SourceQuality "1"]
[WhiteTeam "Toth Laszlo"]
[BlackTeam "Bekes"]
[WhiteTeamCountry "HUN"]
[BlackTeamCountry "HUN"]

1. e4 e6 2. d4 d5 3. exd5 exd5 4. Bd3 Nf6 5. Bf4 Bd6 6. Ne2 0-0 7. 0-0 Bxf4 8. Nxf4 Nbd7 9. Qf3 Nb6 10. Nd2 Bg4 11. Qg3 Qd7 12. Nf3 g5 13. Nxg5 Kh8 14. Qh4 Bf5 15. Nf3 Ne8 16. Ne5 Qc8 17. Qe7 Kg8 18. Qg5+ Ng7 19. Nh5 Bg6 20. Nf6+ Kh8 21. Bxg6 Ne6 22. Qh6 1-0

[Event "HUN-chT U18"]
[Site "Miskolc"]
[Date "2011.11.04"]
[Round "4.5"]
[White "Juhasz, Bence"]
[Black "Furedi, Erik"]
[Result "1/2-1/2"]
[WhiteElo "1807"]
[BlackElo "1418"]
[PlyCount "54"]
[EventDate "2011.11.02"]
[EventType "team-swiss"]
[EventRounds "8"]
[EventCountry "HUN"]
[SourceTitle "EXT 2012"]
[Source "ChessBase"]
[SourceDate "2011.11.24"]
[SourceVersion "1"]
[SourceVersionDate "2011.11.24"]
[SourceQuality "1"]
[WhiteTeam "Toth Laszlo"]
[BlackTeam "Vasas"]
[WhiteTeamCountry "HUN"]
[BlackTeamCountry "HUN"]

1. e4 e5 2. Nf3 Nc6 3. Bc4 Bc5 4. c3 Nf6 5. b4 Bb6 6. b5 Na5 7. Nxe5 Nxc4 8. Nxc4 Nxe4 9. Nxb6 axb6 10. 0-0 0-0 11. Bb2 d5 12. d3 Nf6 13. Nd2 Bg4 14. f3 Bf5 15. Nb3 Qd6 16. c4 dxc4 17. dxc4 Bd3 18. Re1 Bxc4 19. Qxd6 cxd6 20. Nd4 Rxa2 21. Rxa2 Bxa2 22. Nf5 Re8 23. Rxe8+ Nxe8 24. Ba3 Bc4 25. Nxd6 Nxd6 26. Bxd6 Bxb5 27. Bc7 Kf8 1/2-1/2

[Event "HUN-chT U18"]
[Site "Miskolc"]
[Date "2011.11.03"]
[Round "2.5"]
[White "Juhasz, Bence"]
[Black "Csendi, Balazs"]
[Result "1-0"]
[WhiteElo "1807"]
[BlackElo "1674"]
[PlyCount "101"]
[EventDate "2011.11.02"]
[EventType "team-swiss"]
[EventRounds "8"]
[EventCountry "HUN"]
[SourceTitle "EXT 2012"]
[Source "ChessBase"]
[SourceDate "2011.11.24"]
[SourceVersion "1"]
[SourceVersionDate "2011.11.24"]
[SourceQuality "1"]
[WhiteTeam "Toth Laszlo"]
[BlackTeam "Miskolc"]
[WhiteTeamCountry "HUN"]
[BlackTeamCountry "HUN"]

1. e4 c5 2. Nf3 d6 3. d4 cxd4 4. Nxd4 Nf6 5. Nc3 a6 6. Be2 e6 7. Be3 Be7 8. 0-0 Nbd7 9. f4 Qc7 10. Bf3 Nc5 11. Qe1 Rb8 12. Rd1 b5 13. e5 dxe5 14. Nc6 exf4 15. Bf2 Rb6 16. Nxe7 Qxe7 17. b4 Ncd7 18. Bxb6 Nxb6 19. Qe5 Nc4 20. Bc6+ Bd7 21. Qb8+ Qd8 22. Bxd7+ Nxd7 23. Qxd8+ Kxd8 24. Rxf4 Ke7 25. a4 Rc8 26. axb5 axb5 27. Nxb5 Ne3 28. Rxd7+ Kxd7 29. Rxf7+ Kd8 30. Rf8+ Kd7 31. Rf7+ Kd8 32. Rf8+ Kd7 33. Rxc8 Kxc8 34. Na3 Kc7 35. c4 Nd1 36. Kf1 Nc3 37. Kf2 Na2 38. Nc2 Nc1 39. Ke3 Kd6 40. Ke4 Nb3 41. c5+ Kd7 42. Nd4 Nd2+ 43. Kd3 Nf1 44. h3 e5 45. Nf3 Ke6 46. Ng5+ Kd5 47. Ne4 Kc6 48. Ke2 Nh2 49. Kf2 Kd5 50. Kg1 Kxe4 51. c6 1-0

[Event "HUN-chT U18"]
[Site "Miskolc"]
[Date "2011.11.02"]
[Round "1.5"]
[White "Devald, Tamas"]
[Black "Juhasz, Bence"]
[Result "0-1"]
[WhiteElo "1440"]
[BlackElo "1807"]
[PlyCount "82"]
[EventDate "2011.11.02"]
[EventType "team-swiss"]
[EventRounds "8"]
[EventCountry "HUN"]
[SourceTitle "EXT 2012"]
[Source "ChessBase"]
[SourceDate "2011.11.24"]
[SourceVersion "1"]
[SourceVersionDate "2011.11.24"]
[SourceQuality "1"]
[WhiteTeam "Barcza II"]
[BlackTeam "Toth Laszlo"]
[WhiteTeamCountry "HUN"]
[BlackTeamCountry "HUN"]

1. e4 c5 2. Nf3 e6 3. d4 cxd4 4. Qxd4 Nc6 5. Qd1 Bc5 6. Bc4 Nf6 7. Nc3 h6 8. 0-0 0-0 9. e5 Ng4 10. Bf4 Qb6 11. Ne4 f5 12. exf6 Nxf6 13. Nxc5 Qxc5 14. Bb3 d5 15. c3 Ne4 16. Be3 Qe7 17. Bc2 Nf6 18. Ba4 Ng4 19. Qd3 Nce5 20. Nxe5 Nxe5 21. Qd4 Qf6 22. f4 Nc4 23. Qxf6 Rxf6 24. Bd4 Rg6 25. Bc2 Rg4 26. Bd1 Rg6 27. Bh5 Rf6 28. Bxf6 gxf6 29. b3 Nd2 30. Rfd1 Ne4 31. Rd3 Bd7 32. Bg6 f5 33. c4 Kg7 34. Bh5 Bc6 35. Rd4 Kf6 36. Bf3 Rg8 37. Rc1 Rg7 38. b4 a6 39. Re1 dxc4 40. Rxc4 Nd2 41. Rxc6 Nxf3+ 0-1

[Event "Lakitelek Magyarok op"]
[Site "Lakitelek"]
[Date "2011.08.13"]
[Round "8"]
[White "Juhasz, Bence"]
[Black "Kovacs, Milan"]
[Result "1/2-1/2"]
[WhiteElo "1744"]
[BlackElo "1829"]
[PlyCount "25"]
[EventDate "2011.08.06"]
[EventType "swiss"]
[EventRounds "9"]
[EventCountry "HUN"]
[SourceTitle "CBM 144 Extra"]
[Source "ChessBase"]
[SourceDate "2011.10.28"]
[SourceVersion "1"]
[SourceVersionDate "2011.10.28"]
[SourceQuality "1"]

1. e4 e5 2. Nf3 Nc6 3. Nc3 Nf6 4. Bc4 Bc5 5. d3 h6 6. a3 d6 7. Nd5 Bg4 8. h3 Bh5 9. c3 Bb6 10. b4 Nxd5 11. Bxd5 Rb8 12. Qa4 Qd7 13. Nh4 1/2-1/2

[Event "Lakitelek Magyarok op"]
[Site "Lakitelek"]
[Date "2011.08.10"]
[Round "6"]
[White "Juhasz, Bence"]
[Black "Koloditsova, Renata"]
[Result "1/2-1/2"]
[WhiteElo "1744"]
[BlackElo "1851"]
[PlyCount "32"]
[EventDate "2011.08.06"]
[EventType "swiss"]
[EventRounds "9"]
[EventCountry "HUN"]
[SourceTitle "CBM 144 Extra"]
[Source "ChessBase"]
[SourceDate "2011.10.28"]
[SourceVersion "1"]
[SourceVersionDate "2011.10.28"]
[SourceQuality "1"]

1. e4 e5 2. Nf3 Nf6 3. Nc3 Bb4 4. Bc4 Nc6 5. d3 d5 6. exd5 Nxd5 7. Bd2 Bxc3 8. Bxc3 Nxc3 9. bxc3 Bg4 10. h3 Bh5 11. Qe2 0-0 12. 0-0 Kh8 13. g4 Bg6 14. Nxe5 Qh4 15. Nxc6 bxc6 16. Qf3 f5 1/2-1/2

[Event "Battle of Senta op-B 15th"]
[Site "Senta"]
[Date "2011.07.17"]
[Round "2"]
[White "Naumov, Marinko"]
[Black "Juhasz, Bence"]
[Result "1/2-1/2"]
[WhiteElo "1884"]
[BlackElo "1744"]
[PlyCount "33"]
[EventDate "2011.07.16"]
[EventType "swiss"]
[EventRounds "9"]
[EventCountry "SRB"]
[SourceTitle "EXT 2019"]
[Source "ChessBase"]
[SourceDate "2018.10.10"]
[SourceVersion "1"]
[SourceVersionDate "2018.10.10"]
[SourceQuality "1"]

1. d4 d5 2. Nf3 Nf6 3. Bf4 e6 4. Nbd2 Bd6 5. Ne5 Nh5 6. e3 Nxf4 7. exf4 c5 8. dxc5 Bxe5 9. fxe5 Qc7 10. Nf3 Nd7 11. Qd4 Qxc5 12. c3 Qxd4 13. cxd4 Nb6 14. Rc1 Bd7 15. Bd3 h6 16. h3 Rc8 17. Rc5 1/2-1/2

[Event "HUN-ch U16"]
[Site "Celldoemoelk"]
[Date "2011.07.03"]
[Round "7"]
[White "Juhasz, Bence"]
[Black "Nemeth, Gergely"]
[Result "0-1"]
[WhiteElo "1730"]
[BlackElo "1953"]
[PlyCount "100"]
[EventDate "2011.06.27"]
[EventType "swiss"]
[EventRounds "7"]
[EventCountry "HUN"]
[SourceTitle "EXT 2012"]
[Source "ChessBase"]
[SourceDate "2011.11.24"]
[SourceVersion "1"]
[SourceVersionDate "2011.11.24"]
[SourceQuality "1"]

1. e4 Nc6 2. d4 d5 3. exd5 Qxd5 4. c3 Bf5 5. Nd2 0-0-0 6. Qf3 Nf6 7. Bc4 Qxf3 8. Ngxf3 e6 9. Nb3 Be4 10. Ng5 Bg6 11. Nf3 Bd6 12. Bg5 Be7 13. Nh4 Be4 14. f3 Bd5 15. Bxd5 Rxd5 16. f4 h6 17. Bxf6 gxf6 18. g3 Rdd8 19. Nf3 h5 20. 0-0-0 f5 21. Ng5 Bxg5 22. fxg5 h4 23. Rdg1 Rdg8 24. gxh4 Rxh4 25. h3 Ne7 26. Nd2 Ng6 27. Nf3 Rh5 28. Rg3 Nh4 29. Nxh4 Rxh4 30. Rhg1 Kd7 31. d5 e5 32. Re1 Kd6 33. Rge3 e4 34. Rg1 Kxd5 35. c4+ Ke5 36. Ra3 a6 37. Rb3 b6 38. Ra3 a5 39. c5 f4 40. cxb6 cxb6 41. Rb3 f3 42. Rxb6 f2 43. Rf1 e3 44. Kd1 Rd8+ 45. Ke2 Rxh3 46. Rb5+ Ke6 47. Rb6+ Ke7 48. Rb7+ Kf8 49. Rxf7+ Kxf7 50. g6+ Kxg6 0-1

[Event "HUN-ch U16"]
[Site "Celldoemoelk"]
[Date "2011.06.29"]
[Round "3"]
[White "Slezak, Robert"]
[Black "Juhasz, Bence"]
[Result "0-1"]
[WhiteElo "2110"]
[BlackElo "1730"]
[PlyCount "122"]
[EventDate "2011.06.27"]
[EventType "swiss"]
[EventRounds "7"]
[EventCountry "HUN"]
[SourceTitle "EXT 2012"]
[Source "ChessBase"]
[SourceDate "2011.11.24"]
[SourceVersion "1"]
[SourceVersionDate "2011.11.24"]
[SourceQuality "1"]

1. e4 c5 2. Nf3 e6 3. d4 cxd4 4. Nxd4 a6 5. Bd3 Nf6 6. Nc3 Qc7 7. 0-0 Nc6 8. Be3 Bd6 9. Nxc6 dxc6 10. f4 e5 11. f5 b5 12. Qf3 Bb7 13. Kh1 c5 14. Nd5 Nxd5 15. exd5 c4 16. Be4 f6 17. Qh5+ Qf7 18. Qxf7+ Kxf7 19. a4 Rhc8 20. Rfc1 Bc5 21. Bxc5 Rxc5 22. b4 cxb3 23. cxb3 Rac8 24. Rxc5 Rxc5 25. axb5 Rxb5 26. h3 a5 27. Rc1 Ke8 28. Rc7 Bxd5 29. Bxd5 Rxd5 30. Rxg7 Rd7 31. Rg8+ Kf7 32. Ra8 Rb7 33. Rxa5 Rxb3 34. Ra7+ Kg8 35. Ra8+ Kg7 36. Kg1 Rb2 37. Kh2 Rf2 38. Ra7+ Kh6 39. Ra1 Kg5 40. Kg3 Rf4 41. Ra7 h5 42. Rg7+ Kxf5 43. Ra7 h4+ 44. Kh2 Rb4 45. Kg1 Kf4 46. Rh7 Ke3 47. Rf7 Rf4 48. Rd7 f5 49. g3 hxg3 50. Kg2 Rd4 51. Re7 e4 52. Kxg3 f4+ 53. Kg4 f3 54. Rf7 Ke2 55. h4 e3+ 56. Kg3 Rxh4 57. Kxh4 f2 58. Kg3 f1Q 59. Ra7 Qf3+ 60. Kh2 Kf2 61. Ra2+ e2 0-1

[Event "HUN-chT2 Erkel 1011"]
[Site "Hungary"]
[Date "2011.04.17"]
[Round "9.11"]
[White "Juhasz, Bence"]
[Black "Wirth, Adam"]
[Result "0-1"]
[WhiteElo "1663"]
[BlackElo "1868"]
[PlyCount "82"]
[EventDate "2010.09.12"]
[EventType "team-tourn"]
[EventRounds "11"]
[EventCountry "HUN"]
[SourceTitle "EXT 2012"]
[Source "ChessBase"]
[SourceDate "2011.11.24"]
[SourceVersion "1"]
[SourceVersionDate "2011.11.24"]
[SourceQuality "1"]
[WhiteTeam "Toth Laszlo"]
[BlackTeam "Pestszentlorinc"]
[WhiteTeamCountry "HUN"]
[BlackTeamCountry "HUN"]

1. e4 c5 2. Nf3 e6 3. d4 cxd4 4. Nxd4 a6 5. Bd3 Qc7 6. Be3 Nf6 7. Nd2 d5 8. c3 Be7 9. Qe2 Nbd7 10. N4b3 0-0 11. 0-0 b6 12. Rac1 Bb7 13. f3 Nc5 14. Nxc5 bxc5 15. b3 a5 16. Bf2 dxe4 17. Nxe4 Nd5 18. Bg3 Qb6 19. Kh1 Rfd8 20. Rfd1 a4 21. Bc4 axb3 22. axb3 Ba6 23. Ra1 Bxc4 24. Qxc4 Ne3 25. Qe2 Nxd1 26. Rxd1 Rxd1+ 27. Qxd1 Qxb3 28. Qc1 Qc2 29. Qe1 Rd8 30. Nf2 Bf6 31. h3 Bxc3 32. Qe3 Bd4 33. Qe1 c4 34. Qa5 Rf8 35. Qe1 c3 36. Ne4 Rd8 37. Qa1 Be5 38. Qa5 Qd1+ 39. Kh2 Bxg3+ 40. Kxg3 c2 41. Nc3 Qd6+ 0-1

[Event "HUN-chT U18"]
[Site "Miskolc"]
[Date "2010.11.04"]
[Round "5.18"]
[White "Juhasz, Bence"]
[Black "Domonkos, Norbert"]
[Result "1/2-1/2"]
[WhiteElo "1663"]
[BlackElo "1774"]
[PlyCount "54"]
[EventDate "2010.11.02"]
[EventType "team-swiss"]
[EventRounds "8"]
[EventCountry "HUN"]
[SourceTitle "EXT 2016"]
[Source "ChessBase"]
[SourceDate "2015.10.08"]
[SourceVersion "1"]
[SourceVersionDate "2015.10.08"]
[SourceQuality "1"]

1. e4 c5 2. Nf3 Nc6 3. d4 cxd4 4. Nxd4 e5 5. Nb5 d6 6. N1c3 a6 7. Na3 b5 8. Nd5 Nf6 9. Bg5 Be7 10. Nxe7 Qxe7 11. c3 h6 12. Bxf6 Qxf6 13. Bd3 0-0 14. 0-0 Be6 15. Nc2 Rfd8 16. Ne3 Ne7 17. Qe2 Rd7 18. Rfd1 Rad8 19. Bc2 d5 20. exd5 Bxd5 21. Nxd5 Nxd5 22. Bb3 Qf5 23. Rxd5 Rxd5 24. Bxd5 Rxd5 25. Rd1 Rxd1+ 26. Qxd1 Qe6 27. b3 Qc6 1/2-1/2

[Event "HUN-chT U18"]
[Site "Miskolc"]
[Date "2009.10.28"]
[Round "4.10"]
[White "Juhasz, Bence"]
[Black "Haszon, Abel"]
[Result "1-0"]
[WhiteElo "1644"]
[BlackElo "1754"]
[PlyCount "93"]
[EventDate "2009.10.26"]
[EventType "team-swiss"]
[EventRounds "8"]
[EventCountry "HUN"]
[SourceTitle "EXT 2016"]
[Source "ChessBase"]
[SourceDate "2015.10.08"]
[SourceVersion "1"]
[SourceVersionDate "2015.10.08"]
[SourceQuality "1"]

1. e4 c6 2. d4 d5 3. Nc3 dxe4 4. Nxe4 Bf5 5. Ng3 Bg6 6. Nf3 Nd7 7. c3 Qc7 8. Bd3 e6 9. Be3 Ngf6 10. Qc2 Bd6 11. Ne4 Nxe4 12. Bxe4 Nf6 13. Bxg6 hxg6 14. h3 0-0-0 15. 0-0-0 Bf4 16. Bxf4 Qxf4+ 17. Qd2 Qf5 18. Ne5 Ne4 19. Qe3 Rd5 20. g4 Qg5 21. f4 Qe7 22. Qxe4 Ra5 23. Kb1 Qc7 24. Qe2 Rd8 25. f5 gxf5 26. gxf5 exf5 27. Qh5 g6 28. Qh7 Rb5 29. Qxf7 Qb6 30. Rd2 Rxe5 31. Rhd1 Re3 32. Qxg6 Rxc3 33. Ka1 Rf3 34. Qe6+ Kb8 35. Qe5+ Ka8 36. d5 Qe3 37. Qc7 Rb8 38. dxc6 b5 39. Rd8 Qb6 40. Qb7+ Qxb7 41. c7 Qc8 42. Rxc8 Kb7 43. Rxb8+ Kxc7 44. Rxb5 f4 45. Kb1 Rxh3 46. Rf5 f3 47. Rf1 1-0

[Event "HUN-chT U18"]
[Site "Miskolc"]
[Date "2008.10.28"]
[Round "2.16"]
[White "Sandor, Akos"]
[Black "Juhasz, Bence"]
[Result "1/2-1/2"]
[WhiteElo "1669"]
[BlackElo "1648"]
[PlyCount "65"]
[EventDate "2008.10.27"]
[EventType "team-swiss"]
[EventRounds "8"]
[EventCountry "HUN"]
[SourceTitle "EXT 2016"]
[Source "ChessBase"]
[SourceDate "2015.10.08"]
[SourceVersion "1"]
[SourceVersionDate "2015.10.08"]
[SourceQuality "1"]

1. e4 c5 2. Nf3 e6 3. d4 Qb6 4. c3 Nc6 5. d5 exd5 6. exd5 Nce7 7. c4 d6 8. Qc2 Bf5 9. Bd3 Qb4+ 10. Nc3 Bxd3 11. Qxd3 Ng6 12. 0-0 Be7 13. Nb5 Qa5 14. Bd2 Qd8 15. Bc3 Nf6 16. Rfe1 0-0 17. Qd2 b6 18. a4 Qd7 19. a5 a6 20. Na3 b5 21. b4 bxc4 22. Nxc4 Bd8 23. bxc5 dxc5 24. Bxf6 Bxf6 25. Nb6 Qd6 26. Rac1 Rae8 27. Qc2 Rxe1+ 28. Nxe1 Re8 29. Nd3 Bd4 30. g3 c4 31. Qxc4 Bxb6 32. axb6 Qxb6 33. Qc6 1/2-1/2